सटिका पंचदशी (Record no. 227690)

MARC details
000 -LEADER
fixed length control field 00486nam a2200169Ia 4500
008 - FIXED-LENGTH DATA ELEMENTS--GENERAL INFORMATION
fixed length control field 090201s9999 xx 000 0 und d
010 ## - LIBRARY OF CONGRESS CONTROL NUMBER
LC control number KPL-28209
040 ## - CATALOGING SOURCE
Language of cataloging मराठी
041 ## - LANGUAGE CODE
Language code of text/sound track or separate title मराठी
082 ## - DEWEY DECIMAL CLASSIFICATION NUMBER
Classification number 29037
Item number 28209
100 ## - MAIN ENTRY--PERSONAL NAME
Personal name बा ल पाठक
245 ## - TITLE STATEMENT
Title सटिका पंचदशी
Statement of responsibility, etc बा ल पाठक
260 ## - PUBLICATION, DISTRIBUTION, ETC. (IMPRINT)
Date of publication, distribution, etc 2004
Name of publisher, distributor, etc अ.ब.क.
300 ## - PHYSICAL DESCRIPTION
Extent 335
Other physical details मोठा
600 ## - SUBJECT ADDED ENTRY--PERSONAL NAME
Personal name सटिका पंचदशी
942 ## - ADDED ENTRY ELEMENTS (KOHA)
Koha item type Book
Holdings
Withdrawn status Lost status Damaged status Not for loan Home library Current library Date acquired Cost, normal purchase price Total Checkouts Barcode Date last seen Copy number Cost, replacement price Price effective from Koha item type
        Sarvajanik Wachanalaya, Kalyan Sarvajanik Wachanalaya, Kalyan   12.00   KPL-28209 02/01/2009 1 12.00 02/01/2009 Book